Aprendizaje y medios audiovisuales
Պահպանված է:
| Հիմնական հեղինակ: | |
|---|---|
| Ձևաչափ: | Գիրք |
| Լեզու: | իսպաներեն |
| Հրապարակվել է: |
Rosario
Biblioteca
1973
|
| Շարք: | Colección Práxis, 14
|
| Խորագրեր: | |
| Ցուցիչներ: |
Ավելացրեք ցուցիչ
Չկան պիտակներ, Եղեք առաջինը, ով նշում է այս գրառումը!
|
MARC
| LEADER | 00000nam a2200000 a 4500 | ||
|---|---|---|---|
| 001 | UCU0164 | ||
| 003 | CL-VaPUC | ||
| 008 | 960315e19730000AG |||||||||||||||||spa|d | ||
| 082 | 0 | 4 | |a 371.335 |b SAN |2 21 |
| 100 | 0 | |a Santos, Hilda |e author |9 355196 | |
| 245 | 1 | 0 | |a Aprendizaje y medios audiovisuales |
| 300 | |a 89 p | ||
| 942 | |c BK | ||
| 945 | |d 19960315 00:00:00 |a paguirre | ||
| 260 | |a Rosario |b Biblioteca |c 1973 | ||
| 650 | 7 | |a MATERIAL AUDIOVISUAL |2 CL-VaPUC |9 308466 | |
| 650 | 0 | |a Enseñanza audiovisual |9 268091 | |
| 650 | 0 | |a Aprendizaje |9 254827 | |
| 650 | 7 | |a AYUDAS AUDIOVISUALES |2 CL-VaPUC |9 339896 | |
| 650 | 7 | |a MATERIAL Y EQUIPO DIDACTICOS |2 CL-VaPUC |9 309109 | |
| 583 | |a last modification |c 19960315 00:00:00 |k Rodrigo Vera | ||
| 490 | 0 | |a Colección Práxis, 14 | |
| 999 | |c 245106 |d 245104 | ||
| 952 | |0 0 |1 0 |4 0 |6 371_335000000000000_SAN_1973 |7 0 |8 P |9 259488 |a BIBEDU |b BIBEDU |c BIBEDU_PB |d 2019-11-19 |i 1632019 |o 371.335 SAN 1973 |p 1632019 |r 2024-01-25 |w 2019-11-19 |y BK |k EDU | ||
| 952 | |0 0 |1 0 |4 0 |6 371_335000000000000_SAN_1973 |7 0 |8 P |9 259489 |a BIBEDU |b BIBEDU |c BIBEDU_PB |d 2019-11-19 |i 1632434 |o 371.335 SAN 1973 |p 1632434 |r 2024-01-25 |w 2019-11-19 |y BK |k EDU | ||